000 00691cam a22001933a 4500
001 39414
003 PGUSA
005 20140828083857.0
008 120410s2012||||xxu|||||s|||||000 | eng d
040 _aPGUSA
_beng
042 _adc
245 1 4 _aThe Masculine Cross :
_bA History of Ancient and Modern Crosses and Their Connection with the Mysteries of Sex Worship; Also an Account of the Kindred Phases of Phallic Faiths and Practices
_h[electronic resource] /
_cAnonymous
260 _bProject Gutenberg,
_c2012
506 _aPublic domain in the USA.
516 _aElectronic text
830 0 _aProject Gutenberg
_v39414
856 4 0 _uhttp://www.gutenberg.org/ebooks/39414
942 _cEB
999 _c268667
_d268667